What Is Their Relationship? Click Quiz - Statistics

General Stats
  • This quiz has been taken 35 times
  • The average score is 15 of 29
Answer Stats
Hint Answer % Correct
Ozzy Osbourne to Sharon Osbourne PARTNER
86%
Dolly Parton to Miley Cyrus GODPARENT
75%
Serena Williams to Venus Williams SIBLING
75%
Judy Garland to Liza Minelli PARENT
71%
Melanie Griffith to Dakota Johnson PARENT
71%
Richard Gere to Cindy Crawford PARTNER
71%
Lenny Kravitz to Zoë Kravitz PARENT
68%
Bruce Lee to Brandon Lee PARENT
64%
River Phoenix to Joaquin Phoenix SIBLING
64%
Nick Cannon to Mariah Carey PARTNER
61%
Julia Roberts to Emma Roberts AUNT/UNCLE
57%
Eric Trump to Barron Trump SIBLING
57%
Raúl Castro to Fidel Castro SIBLING
57%
Steven Spielberg to Gwyneth Paltrow GODPARENT
54%
Selma Bouvier to Homer Simpson IN-LAW
54%
Finneas O'Connell to Billie Eilish SIBLING
50%
Henry to Dorothy Gale AUNT/UNCLE
46%
Sophie Turner to Priyanka Chopra IN-LAW
46%
Gary Oldman to Ingrid Bergman IN-LAW
46%
Paul Newman to Jake Gyllenhaal GODPARENT
39%
Kirk Douglas to Catherine Zeta-Jones IN-LAW
39%
Wallis Simpson to George VI IN-LAW
36%
Mary Wollstonecraft to Mary Shelley PARENT
36%
Muhammad to Aisha bint Abi Bakr PARTNER
36%
Alec Baldwin to Hailey Bieber AUNT/UNCLE
32%
Macaulay Culkin to Paris Jackson GODPARENT
32%
Kim Il Sung to Kim Jong Un GRANDPARENT
32%
St. Anne to Jesus GRANDPARENT
21%
Zeus to Phobos GRANDPARENT
4%
No matching quizzes found
Score Distribution
Percent of People with Each Score
Percentile by Number Answered
Your Score History
You have not taken this quiz